000 06361cam a22018374i 4500
003 PE-LiUPU
005 20250813165528.0
008 180720s2013 sp a rb 000 0 spa d
020 _a9789968514170
035 _a(Sirsi) a249272
040 _aPE-LiUPU
_bspa
_cPE-LiUPU
_erda
049 _aPRUA
082 0 4 _a627.130285
_bV68
_220
100 1 _aVillón Béjar, Máximo,
_eautor.
245 1 0 _aHcanales 3.1 la forma más fácil de diseñar canales :
_bmanual del usuario /
_cMáximo Villón Béjar.
250 _a1a edición.
264 1 _aCartago, Costa Rica :
_bEdiciones centro de desarrollo de material bibliográfico (CDMB), Instituto Tecnológico de Costa Rica,
_c2013.
300 _a204 páginas :
_bilustraciones ;
_c21 centímetros
300 _a1CD-ROM
336 _atext
_2rdacontent
337 _aunmediated
_2rdamedia
338 _avolume
_2rdacarrier
504 _aBibliografía : página 195.
505 0 _aUso de Hcanales -- Plataforma requerida -- Instalación de Hcanales -- Utilizar Hcanales en cálculos -- Incluir pantallas de cálculo en un informe -- Definiciones y ecuaciones -- Definición de canales -- Secciones transversales más frecuentes -- Elementos geométricos de la sección transversal de un canal -- Ecuaciones generales -- Tirante normal -- Tirante normal, sección trapezoidal -- Tirante normal, sección trapezoidal y triangular para taludes diferentes -- Tirante normal, sección parabólica -- Tirante normal, sección circular -- Sección trapezoidal de máxima eficiencia hidráulica -- Sección trapezoidal de mínima infiltración -- Tirante crítico -- Tirante crítico, sección trapezoidal -- Tirante crítico, sección trapezoidal y triangular para taludes diferentes -- Tirante crítico, sección parabólica -- Tirante crítico, sección circular -- Resalto hidráulico -- Resalto hidráulico, sección rectangular -- Resalto hidráulico, sección trapezoidal -- Resalto hidráulico, sección triangular -- Resalto hidráulico, sección parabólica -- Resalto hidráulico, sección circular -- Curva de remanso -- Curva de remanso, método de integración gráfica -- Curva de remanso, método de Bakhmeteff -- Curva de remanso, método de Bresse -- Curva de remanso, método directo por tramos -- Curva de remanso, método de tramos fijos -- Caudales -- Caudales sección trapezoidal -- Caudales sección trapezoidal, triangular para taludes diferentes -- Caudales sección parabólica -- Caudales sección circular -- Otros problemas -- Medición -- Caudales en canales naturales -- Compuertas -- Orificios -- Vertederos -- Vertederos de cresta aguda -- Vertederos de cresta ancha -- Estructuras -- Transición alabeada para un régimen subcrítico -- Método racional -- Vertedero lateral -- Pérdidas por infiltración en canales -- Pérdidas en canales revestidos -- Problemas propuestos -- Anexo: valores experimentales de parámetros hidráulicos -- Literatura consultada -- Otras publicaciones del autor -- Software del autor.
526 _aP203
526 _aP200
526 _aSEG65
526 _aSEG64
526 _aSEG63
526 _aSEG62
526 _aSEG61
526 _aSEG60
526 _aSEG59
526 _aSEG58
526 _aSEG57
526 _aSEG56
526 _aSEG55
526 _aSEG54
526 _aSEG53
526 _aSEG52
526 _aSEG51
526 _aSEG50
526 _aSEG49
526 _aSEG48
526 _aSEG47
526 _aSEG46
526 _aSEG24
526 _aSEG23
526 _aSEG22
526 _aSEG21
526 _aSEG20
526 _aSEG19
526 _aSEG18
526 _aSEG17
526 _aSEG16
526 _aSEG14
526 _aSEG13
526 _aSEG12
526 _aSEG11
526 _aSEG10
526 _aSEG09
526 _aSEG06
526 _aSEG05
526 _aSEG04
526 _aSEG03
526 _aSEG02
526 _aSEG68
526 _aSEG66
526 _aSEG45
526 _aSEG25
526 _aSEG01
526 _aP163
526 _aP162
526 _aP161
526 _aP160
526 _aP159
526 _aP158
526 _aP157
526 _aP156
526 _aP155
526 _aP154
526 _aP153
526 _aP152
526 _aP151
526 _aP150
526 _aP149
526 _aP142
526 _aP141
526 _aP140
526 _aP139
526 _aP138
526 _aP137
526 _aP132
526 _aP131
526 _aP130
526 _aP126
526 _aP125
526 _aP124
526 _aP123
526 _aP115
526 _aP122
526 _aP121
526 _aP116
526 _a P114
526 _aP112
526 _aP111
526 _aP104
526 _aP103
526 _aP102
526 _aP101
526 _aP100
526 _aP96
526 _aP95
526 _aP93
526 _aP92
526 _aP91
526 _aP88
526 _aP83
526 _aP82
526 _aP79
526 _aP78
526 _aP75
526 _aP74
526 _aP71
526 _aP69
526 _a P51
526 _aP49
526 _aP48
526 _aP47
526 _aP33
526 _aP31
526 _a P30
526 _aP29
526 _aP27
526 _aP26
526 _aP25
526 _aP24
526 _a P22
526 _aP10
526 _aP09
526 _a P08
526 _aP06
526 _aP05
526 _aP04
526 _aP01
541 _g001-00000136;
650 0 4 _aCanales de riego.
650 1 4 _aCanales
_xDiseño y construcción.
650 2 4 _aCanales (Ingeniería hidráulica)
_xProgramas para computadora
_vManual.
910 _adbm
_bcsm
_ccsm
_d20180720
942 _2ddc
_cBOOK
994 _aC0
_bPEPRU
596 _a1
999 _a627.130285 V68
_wDEWEY
_c28853
_i79117
_d28853
_e2020-1-19
_f2021-11-9
_g5
_lCCODEBUL1
_mBUL
_n2
_p8.25
_q1
_r0
_sY
_tBOOK
_u2018-7-20
_xINGENIERIA
_PP25
_0COMPRA
_1FCOMPRA
_o.STAFF. Colección Ingeniería y Arquitectura
999 _a627.130285 V68
_wDEWEY
_c2
_i79118
_lREPAIR
_mBUL
_p8.25
_r0
_sY
_tBOOK
_u2018-7-20
_xINGENIERIA
_zP25
_0COMPRA
_1FCOMPRA
_o.STAFF. Colección Ingeniería y Arquitectura
980 _81
_gALBERTO SANCHEZ Responsable de Automatización